000 00606cam a22001931 4500
003 OSt
005 20260206103946.0
008 730213s1964 ilu b 000 0 eng
040 _aKABLIB
_cKABLIB
_beng
_erda
082 0 0 _a320.019
_223
_bEDE
100 1 _aEdelman, Murray J.
_q(Murray Jacob),
_915501
245 1 4 _aThe symbolic uses of politics
_c[by] Murray Edelman.
260 _aUrbana,
_bUniversity of Illinois Press,
_c1964.
300 _a201 p.
_c24 cm..
504 _aBibliographical footnotes.
650 0 _aPolitical psychology.
_915190
650 0 _aSymbolism in politics.
_915191
942 _2ddc
_cBOOK
999 _c6099
_d6099